000 00473nam a22001937a 4500
003 MPLRDC
005 20220104143822.0
008 210129b ||||| |||| 00| 0 eng d
020 _a7-5377-1625-0
082 _a320.9 LXH
100 _a罗先汉 编著
245 _a天体演化
_c
250 _a一版一刷
260 _a
_b山西科学支术
_c2000
300 _b
490 _a现代科学理论丛书
650 _a天文学总论
942 _cBK
_o320.9 LXH
999 _c43650
_d43640